000 00365nam a2200145Ia 4500
008 090122s9999 xx 000 0 und d
082 _b6572
_a891.463
100 _aकदम
_bबाबा
245 _aनिराधार
600 _aकदम
630 _aनिराधार
700 _aकदम
730 _aनिराधार
942 _cBOOK
999 _c30649
_d30649